| 000 | 00904nam a22003017a 4500 | ||
|---|---|---|---|
| 003 | CHAP | ||
| 005 | 20220329140506.0 | ||
| 008 | 971013s1948 r 00010 d | ||
| 010 | _a52775 | ||
| 011 | _a53747 | ||
| 035 | _a57897 | ||
| 040 | _cCHAP | ||
| 082 |
_a631.4 _bW67 |
||
| 100 | 0 | 0 |
_aWorthen, Edmund L. _9122760 |
| 245 | _aFarm soils, their management and fertilization | ||
| 250 | _a4 ed. | ||
| 260 |
_aNew York : _bWiley, _c1948 |
||
| 300 |
_a510 p. _b: ilus. |
||
| 590 |
_aBATCH-UPD _b10 _c20130110 _lUCH01 _h0407 |
||
| 590 |
_aCONVERSION _b10 _c20130109 _lUCH01 _h1329 |
||
| 650 | 1 | 4 |
_aFertilizantes y abonos. _940646 |
| 650 | 1 | 4 |
_aSuelos. _9110191 |
| 901 | _aBK | ||
| 942 | _cLIBRO | ||
| 949 |
_a631.4 W67 _bBC _cBPA _d-125762 _eBPA _h21119 _i57897 _si |
||
| 949 |
_a631.4 W67 _bBC _cBPA _d-125764 _eBPA _fc.2 _h21120 _i57897 _si |
||
| 949 |
_a631.4 W67 _bBC _cBPA _d-125765 _eBPA _fc.3 _h51525 _i57897 _si |
||
| 999 |
_c52775 _d52775 |
||